Elenco comuni italiani -Lettere N, O - Statistics

Statistiche generali
  • Questo quiz è stato fatto 47 volte
  • Il punteggio medio è 40 su 301
Statistiche sulle risposte
Comune Provincia Regione Abitanti % Corretto
Napoli (capoluogo di provincia) Campania 922094
97%
Ne Genova Liguria 2174
86%
Novara (capoluogo di provincia) Piemonte 102225
86%
Nuoro (capoluogo di provincia) Sardegna 34660
86%
Nus Aosta Valle d'Aosta 2984
83%
Oristano (capoluogo di provincia) Sardegna 30723
76%
Narni Terni Umbria 18405
72%
Otranto Lecce Puglia 5707
72%
Niscemi Caltanissetta Sicilia 25180
66%
Olbia Sassari Sardegna 59948
66%
Nove Vicenza Veneto 4871
62%
Orvieto Terni Umbria 19931
62%
Nocera Inferiore Salerno Campania 44377
59%
Orbetello Grosseto Toscana 14450
59%
Nardò Lecce Puglia 30775
55%
Nettuno Roma Lazio 48500
55%
Nocera Superiore Salerno Campania 23917
55%
Norcia Perugia Umbria 4617
52%
Noto Siracusa Sicilia 23638
52%
Novi Ligure Alessandria Piemonte 27683
52%
Ostuni Brindisi Puglia 30276
48%
Nola Napoli Campania 33718
45%
Orbassano Torino Piemonte 23061
45%
Nichelino Torino Piemonte 46512
41%
Nocera Umbra Perugia Umbria 5601
41%
Novella Trento Trentino-Alto Adige 3599
41%
Novellara Reggio Emilia Emilia-Romagna 13368
41%
Orte Viterbo Lazio 9081
41%
Ossi Sassari Sardegna 5529
41%
Nemi Roma Lazio 1872
38%
Numana Ancona Marche 3741
38%
Negrar di Valpolicella Verona Veneto 16751
34%
Nepi Viterbo Lazio 9185
34%
Noale Venezia Veneto 16108
34%
Novate Milanese Milano Lombardia 20056
34%
Nusco Avellino Campania 3946
34%
Orgosolo Nuoro Sardegna 3991
34%
Ossimo Brescia Lombardia 1454
34%
Ottaviano Napoli Campania 22981
34%
Nogara Verona Veneto 8374
31%
Noicattaro Bari Puglia 25766
31%
Norma Latina Lazio 3708
31%
Ora Bolzano Trentino-Alto Adige 3948
31%
Oria Brindisi Puglia 14630
31%
Orio al Serio Bergamo Lombardia 1752
31%
Orosei Nuoro Sardegna 6798
31%
Orria Salerno Campania 991
31%
Ortona Chieti Abruzzo 22287
31%
Osimo Ancona Marche 34826
31%
Ovindoli L'Aquila Abruzzo 1171
31%
Nicosia Enna Sicilia 12947
28%
Nicotera Vibo Valentia Calabria 5911
28%
Nova Milanese Monza e della Brianza Lombardia 23083
28%
Noventa Padovana Padova Veneto 11507
28%
Noventa Vicentina Vicenza Veneto 8914
28%
Ortisei Bolzano Trentino-Alto Adige 4891
28%
Nave Brescia Lombardia 10640
24%
Nembro Bergamo Lombardia 11231
24%
Nerviano Milano Lombardia 16973
24%
Nizza Monferrato Asti Piemonte 10128
24%
Nosate Milano Lombardia 640
24%
Oderzo Treviso Veneto 20344
24%
Ome Brescia Lombardia 3185
24%
Opera Milano Lombardia 14100
24%
Opi L'Aquila Abruzzo 375
24%
Oriolo Cosenza Calabria 1921
24%
Orzinuovi Brescia Lombardia 12349
24%
Ospitaletto Brescia Lombardia 14620
24%
Ovada Alessandria Piemonte 10975
24%
Naro Agrigento Sicilia 7110
21%
Nerola Roma Lazio 1900
21%
Olevano Romano Roma Lazio 6455
21%
Olginate Lecco Lombardia 6983
21%
Oriolo Romano Viterbo Lazio 3708
21%
Orzivecchi Brescia Lombardia 2416
21%
Ospedaletto Trento Trentino-Alto Adige 790
21%
Oulx Torino Piemonte 3264
21%
Nago-Torbole Trento Trentino-Alto Adige 2847
17%
Nasino Savona Liguria 173
17%
Naso Messina Sicilia 3523
17%
Nogarole Rocca Verona Veneto 3851
17%
Noli Savona Liguria 2470
17%
Nonantola Modena Emilia-Romagna 16010
17%
None Torino Piemonte 7849
17%
Nova Siri Matera Basilicata 6663
17%
Oggiono Lecco Lombardia 9128
17%
Omegna Verbano-Cusio-Ossola Piemonte 14618
17%
Osio Sopra Bergamo Lombardia 5255
17%
Osio Sotto Bergamo Lombardia 12531
17%
Neirone Genova Liguria 822
14%
Neviano Lecce Puglia 4986
14%
Niella Tanaro Cuneo Piemonte 974
14%
Noceto Parma Emilia-Romagna 13138
14%
Noci Bari Puglia 18541
14%
Novi di Modena Modena Emilia-Romagna 9983
14%
Olgiate Olona Varese Lombardia 12585
14%
Ono San Pietro Brescia Lombardia 973
14%
Oppido Mamertina Reggio Calabria Calabria 4897
14%
Orta San Giulio Novara Piemonte 1279
14%
Nardodipace Vibo Valentia Calabria 1127
10%
Naturno Bolzano Trentino-Alto Adige 6009
10%
Nesso Como Lombardia 1172
10%
Niardo Brescia Lombardia 1987
10%
Nizza di Sicilia Messina Sicilia 3518
10%
Noviglio Milano Lombardia 4514
10%
Nuvolento Brescia Lombardia 3888
10%
Nuvolera Brescia Lombardia 4705
10%
Occhiobello Rovigo Veneto 12052
10%
Odolo Brescia Lombardia 1897
10%
Offida Ascoli Piceno Marche 4770
10%
Offlaga Brescia Lombardia 4078
10%
Orero Genova Liguria 512
10%
Origgio Varese Lombardia 7909
10%
Orta Nova Foggia Puglia 16964
10%
Osnago Lecco Lombardia 4771
10%
Ossona Milano Lombardia 4276
10%
Ostra Ancona Marche 6464
10%
Ozzero Milano Lombardia 1418
10%
Nalles Bolzano Trentino-Alto Adige 2050
7%
Narbolia Oristano Sardegna 1709
7%
Narcao Sulcis Iglesiente Sardegna 3102
7%
Narzole Cuneo Piemonte 3469
7%
Nicolosi Catania Sicilia 7529
7%
Noepoli Potenza Basilicata 773
7%
Nomi Trento Trentino-Alto Adige 1312
7%
Novafeltria Rimini Emilia-Romagna 7064
7%
Novara di Sicilia Messina Sicilia 1190
7%
Noventa di Piave Venezia Veneto 6997
7%
Offanengo Cremona Lombardia 5965
7%
Oleggio Novara Piemonte 14148
7%
Olgiate Comasco Como Lombardia 11735
7%
Olgiate Molgora Lecco Lombardia 6406
7%
Olmeneta Cremona Lombardia 917
7%
Ormea Cuneo Piemonte 1491
7%
Ornago Monza e della Brianza Lombardia 5193
7%
Orsogna Chieti Abruzzo 3639
7%
Osiglia Savona Liguria 439
7%
Ostiano Cremona Lombardia 2764
7%
Ostiglia Mantova Lombardia 6621
7%
Oviglio Alessandria Piemonte 1182
7%
Ozzano dell'Emilia Bologna Emilia-Romagna 13927
7%
Nebbiuno Novara Piemonte 1770
3%
Nemoli Potenza Basilicata 1402
3%
Nereto Teramo Abruzzo 5296
3%
Neviano degli Arduini Parma Emilia-Romagna 3466
3%
Neviglie Cuneo Piemonte 353
3%
Nibbiola Novara Piemonte 800
3%
Nissoria Enna Sicilia 2849
3%
Nocera Terinese Catanzaro Calabria 4741
3%
Nociglia Lecce Puglia 2188
3%
Nogaredo Trento Trentino-Alto Adige 2075
3%
Nogarole Vicentino Vicenza Veneto 1235
3%
Nole Torino Piemonte 6770
3%
Novaledo Trento Trentino-Alto Adige 1095
3%
Novalesa Torino Piemonte 526
3%
Nova Levante Bolzano Trentino-Alto Adige 2022
3%
Nova Ponente Bolzano Trentino-Alto Adige 4029
3%
Novello Cuneo Piemonte 973
3%
Novi Velia Salerno Campania 2267
3%
Novoli Lecce Puglia 7655
3%
Ocre L'Aquila Abruzzo 1125
3%
Offagna Ancona Marche 2051
3%
Ogliastro Cilento Salerno Campania 2267
3%
Oleggio Castello Novara Piemonte 2149
3%
Olevano sul Tusciano Salerno Campania 6483
3%
Oliveri Messina Sicilia 2036
3%
Oliveto Citra Salerno Campania 3655
3%
Oliveto Lario Lecco Lombardia 1219
3%
Oliveto Lucano Matera Basilicata 374
3%
Olivetta San Michele Imperia Liguria 199
3%
Ollomont Aosta Valle d'Aosta 161
3%
Oltre il Colle Bergamo Lombardia 974
3%
Omignano Salerno Campania 1637
3%
Onano Viterbo Lazio 944
3%
Onore Bergamo Lombardia 914
3%
Oppeano Verona Veneto 10305
3%
Oppido Lucano Potenza Basilicata 3627
3%
Orciano Pisano Pisa Toscana 629
3%
Ordona Foggia Puglia 2909
3%
Orgiano Vicenza Veneto 3036
3%
Ormelle Treviso Veneto 4480
3%
Orsago Treviso Veneto 3859
3%
Orsara di Puglia Foggia Puglia 2550
3%
Orta di Atella Caserta Campania 26950
3%
Ortelle Lecce Puglia 2246
3%
Ortezzano Fermo Marche 729
3%
Ortona dei Marsi L'Aquila Abruzzo 437
3%
Osoppo Udine Friuli-Venezia Giulia 2826
3%
Ospedaletti Imperia Liguria 3205
3%
Ospedaletto d'Alpinolo Avellino Campania 2113
3%
Ospedaletto Euganeo Padova Veneto 5569
3%
Ospedaletto Lodigiano Lodi Lombardia 2004
3%
Ospitale di Cadore Belluno Veneto 269
3%
Ossana Trento Trentino-Alto Adige 834
3%
Ostellato Ferrara Emilia-Romagna 5769
3%
Ostra Vetere Ancona Marche 3125
3%
Ottati Salerno Campania 646
3%
Ottone Piacenza Emilia-Romagna 468
3%
Oyace Aosta Valle d'Aosta 209
3%
Ozieri Sassari Sardegna 10023
3%
Navelli L'Aquila Abruzzo 518
0%
Naz-Sciaves Bolzano Trentino-Alto Adige 3329
0%
Nazzano Roma Lazio 1339
0%
Neive Cuneo Piemonte 3350
0%
Neoneli Oristano Sardegna 629
0%
Nervesa della Battaglia Treviso Veneto 6583
0%
Nespolo Rieti Lazio 191
0%
Netro Biella Piemonte 927
0%
Nibionno Lecco Lombardia 3660
0%
Nicorvo Pavia Lombardia 296
0%
Niella Belbo Cuneo Piemonte 356
0%
Nimis Udine Friuli-Venezia Giulia 2586
0%
Noasca Torino Piemonte 107
0%
Nocara Cosenza Calabria 343
0%
Nocciano Pescara Abruzzo 1750
0%
Nomaglio Torino Piemonte 291
0%
Nonio Verbano-Cusio-Ossola Piemonte 852
0%
Noragugume Nuoro Sardegna 294
0%
Norbello Oristano Sardegna 1161
0%
Notaresco Teramo Abruzzo 6433
0%
Novate Mezzola Sondrio Lombardia 1872
0%
Novedrate Como Lombardia 2860
0%
Nucetto Cuneo Piemonte 402
0%
Nughedu San Nicolò Sassari Sardegna 768
0%
Nughedu Santa Vittoria Oristano Sardegna 463
0%
Nule Sassari Sardegna 1291
0%
Nulvi Sassari Sardegna 2662
0%
Nurachi Oristano Sardegna 1709
0%
Nuragus Cagliari Sardegna 854
0%
Nurallao Cagliari Sardegna 1172
0%
Nuraminis Cagliari Sardegna 2364
0%
Nureci Oristano Sardegna 329
0%
Nurri Cagliari Sardegna 2050
0%
Nuxis Sulcis Iglesiente Sardegna 1443
0%
Occhieppo Inferiore Biella Piemonte 3777
0%
Occhieppo Superiore Biella Piemonte 2627
0%
Occimiano Alessandria Piemonte 1261
0%
Odalengo Grande Alessandria Piemonte 406
0%
Odalengo Piccolo Alessandria Piemonte 240
0%
Ofena L'Aquila Abruzzo 454
0%
Oggebbio Verbano-Cusio-Ossola Piemonte 865
0%
Oggiona con Santo Stefano Varese Lombardia 4308
0%
Oglianico Torino Piemonte 1453
0%
Olcenengo Vercelli Piemonte 783
0%
Oldenico Vercelli Piemonte 213
0%
Olevano di Lomellina Pavia Lombardia 727
0%
Oliena Nuoro Sardegna 6722
0%
Olivadi Catanzaro Calabria 497
0%
Oliva Gessi Pavia Lombardia 163
0%
Olivola Alessandria Piemonte 115
0%
Ollastra Oristano Sardegna 1139
0%
Ollolai Nuoro Sardegna 1202
0%
Olmedo Sassari Sardegna 4125
0%
Olmo al Brembo Bergamo Lombardia 494
0%
Olmo Gentile Asti Piemonte 70
0%
Oltressenda Alta Bergamo Lombardia 147
0%
Oltrona di San Mamette Como Lombardia 2380
0%
Olzai Nuoro Sardegna 792
0%
Onanì Nuoro Sardegna 375
0%
Oncino Cuneo Piemonte 85
0%
Oneta Bergamo Lombardia 572
0%
Onifai Nuoro Sardegna 709
0%
Oniferi Nuoro Sardegna 898
0%
Onzo Savona Liguria 211
0%
Orani Nuoro Sardegna 2742
0%
Oratino Campobasso Molise 1657
0%
Orco Feglino Savona Liguria 919
0%
Oricola L'Aquila Abruzzo 1256
0%
Orino Varese Lombardia 826
0%
Orio Canavese Torino Piemonte 764
0%
Orio Litta Lodi Lombardia 1986
0%
Ornavasso Verbano-Cusio-Ossola Piemonte 3358
0%
Ornica Bergamo Lombardia 144
0%
Orotelli Nuoro Sardegna 1916
0%
Orroli Cagliari Sardegna 2056
0%
Orsara Bormida Alessandria Piemonte 408
0%
Orsenigo Como Lombardia 2674
0%
Orsomarso Cosenza Calabria 1153
0%
Ortacesus Cagliari Sardegna 874
0%
Ortignano Raggiolo Arezzo Toscana 845
0%
Ortovero Savona Liguria 1584
0%
Ortucchio L'Aquila Abruzzo 1766
0%
Ortueri Nuoro Sardegna 1066
0%
Orune Nuoro Sardegna 2185
0%
Orvinio Rieti Lazio 390
0%
Osasco Torino Piemonte 1173
0%
Osasio Torino Piemonte 929
0%
Oschiri Gallura Nord-Est Sardegna Sardegna 3074
0%
Osidda Nuoro Sardegna 223
0%
Osilo Sassari Sardegna 2879
0%
Osini Nuoro Sardegna 740
0%
Ossago Lodigiano Lodi Lombardia 1421
0%
Ostana Cuneo Piemonte 84
0%
Otricoli Terni Umbria 1735
0%
Ottana Nuoro Sardegna 2224
0%
Ottiglio Alessandria Piemonte 592
0%
Ottobiano Pavia Lombardia 1068
0%
Ovaro Udine Friuli-Venezia Giulia 1791
0%
Ovodda Nuoro Sardegna 1538
0%
Ozegna Torino Piemonte 1187
0%
Ozzano Monferrato Alessandria Piemonte 1358
0%
Nessun quiz corrispondente trovato
Distribuzione punteggi
Percentuale di utenti per punteggio
Percentile per numero di risposta
I tuoi punteggi nel tempo
Non hai fatto questo quiz